[Event "FRA-ch op-A"]
[Site "Auxerre"]
[Date "1996.??.??"]
[Round "?"]
[White "Conil, Christophe"]
[Black "Masera, Michel"]
[Result "1-0"]
[WhiteElo "2020"]
[BlackElo "1830"]
[PlyCount "37"]
[EventDate "1996.08.??"]
[EventType "swiss"]
[EventRounds "10"]
[EventCountry "FRA"]
[SourceTitle "EXT 2004"]
[Source "ChessBase"]
[SourceDate "2003.11.25"]
[SourceVersion "1"]
[SourceVersionDate "2003.11.25"]
[SourceQuality "1"]

1. e4 c5 2. Nf3 Nc6 3. c3 Nf6 4. e5 Nd5 5. d4 cxd4 6. Bc4 Nb6 7. Bb3 d6 8. cxd4 dxe5 9. d5 Na5 10. Nc3 Nxb3 11. Qxb3 e6 12. Be3 Bd6 13. Ng5 Nxd5 14. 0-0-0 Nxe3 15. fxe3 Qxg5 16. Ne4 Qe7 17. Nxd6+ Kf8 18. Qb4 g6 19. Nf5 1-0